| 000 | 00557cam a2200217ua 4500 | ||
|---|---|---|---|
| 001 | 1284 | ||
| 005 | 20260515113317.0 | ||
| 008 | 110629n ii |||gr||||Z||||||eng | ||
| 020 | _a81-88646-10-5 | ||
| 040 | _cMAIN | ||
| 082 | _a338.9 | ||
| 100 | _aTaneja, M L., | ||
| 245 | 1 |
_aEconomics of developement and planning. _cBy M L Taneja. |
|
| 250 | _a11th. | ||
| 260 |
_aDelhi.: _bVishal publishing., _c2008. |
||
| 300 |
_a870 p.: _c25 cm. |
||
| 653 | _aEconomics. | ||
| 653 | _aEconomic developement and planning. | ||
| 700 | _aMyer, R M., | ||
| 942 | _cBK | ||
| 999 |
_c1185 _d1185 |
||